000 00266nam a22001217a 4500
008 181204b xxu||||| |||| 00| 0 eng d
041 _aeng
080 _a336
100 _a56
101 _aFIN
245 _aCase Problems in Finance
_cButters,J.K
942 _2udc
_cBK
999 _c52750
_d52750